00353 a2200121 4500020001800000082001300018100002000031245007700051260002900128300001100157650004300168700002000211 a9781441945655 a621.3822 aLevy, Bernard C aPrinciples of signal detection and parameter estimationcBernard C, Levy aNew YorkbSpringerc2010 a639 p. aParameter estimation--Signal detection aBernard C, Levy